| 000 | 01755cam a22003371a 4500 | ||
|---|---|---|---|
| 001 | 15375460 | ||
| 003 | OSt | ||
| 005 | 20180117085939.0 | ||
| 008 | 080722s2009 njua b 001 0 eng | ||
| 010 | _a 2008032243 | ||
| 020 | _a9780470083581 (cloth) | ||
| 040 |
_aDLC _cDLC _dDLC |
||
| 050 | 0 | 0 |
_aBF176 _b.G76 2009 |
| 082 | 0 | 0 |
_a150.28/7 _222 |
| 100 | 1 | _aGroth-Marnat, Gary. | |
| 245 | 1 | 0 |
_aHandbook of psychological assessment / _cGary Groth-Marnat. |
| 250 | _a5th ed. | ||
| 260 |
_aHoboken, N.J. : _bJohn Wiley & Sons, Inc., _cc2009. |
||
| 300 |
_axiv, 753 p. : _bill. ; _c26 cm. |
||
| 504 | _aIncludes bibliographical references (p. 637-716) and indexes. | ||
| 650 | 0 | _aPsychological tests. | |
| 650 | 0 | _aPersonality assessment. | |
| 856 | 4 | 1 |
_3Table of contents only _uhttp://www.loc.gov/catdir/toc/fy0904/2008032243.html |
| 906 |
_a7 _bcbc _corignew _d1 _eecip _f20 _gy-gencatlg |
||
| 942 |
_2ddc _cBK |
||
| 999 |
_c2372 _d2372 |
||